01322nam a2200337 a 4500001001200000003000800012006001900020007001500039008004100054010001700095020002600112020002700138040002100165035002100186050002300207082001200230100003100242245007000273260004500343300001800388490003900406504005100445533015200496650008000648650003300728650002300761650002800784655002900812710001700841856012600858ebr10575447CaPaEBRm u cr cn|||||||||111116s2012 mau sb 001 0 eng d z 2011047200 z9780470657621 (cloth) z9781118255599 (e-book) aCaPaEBRcCaPaEBR a(OCoLC)78585091814aPE279b.F73 2012eb04a4292231 aFrantzen, Allen J.,d1947-10aAnglo-Saxon keywordsh[electronic resource] /cAllen J. Frantzen. aMalden, Mass. :bWiley-Blackwell,c2012. axviii, 333 p.0 aKeywords in literature and culture aIncludes bibliographical references and index. aElectronic reproduction.bPalo Alto, Calif. :cebrary,d2011.nAvailable via World Wide Web.nAccess may be limited to ebrary affiliated libraries. 0aEnglish languageyOld English, ca. 450-1100vGlossaries, vocabularies, etc. 0aEnglish languagexEtymology. 0aLinguistic change. 0aHistorical linguistics. 7aElectronic books.2local2 aebrary, Inc.40uhttp://site.ebrary.com/lib/rucke/Doc?id=10575447zAn electronic book accessible through the World Wide Web; click to view